'S' Food Pictures Quiz Stats

 Plays Quiz Updated Feb 11, 2015

Also try: 'A' Food Pictures
Challenge
Share
Tweet
Score 0/20 Timer 05:00
0 Plays Today
Column 'S' Food % Correct
Strawberries
98.7%
Sausage
97.5%
Sushi
97.2%
Steak
96.3%
Shrimp
96.1%
Spaghetti
95%
Sub Sandwich
93.3%
Skittles
90%
Sardines
89.9%
Spinach
87.8%
Column 'S' Food % Correct
Starfruit
87.5%
S'mores
85.1%
Sorbet
84.4%
Salsa
84.4%
Squash
83.3%
Spam
81.4%
Sunflower seeds
79.9%
Scallops
73.1%
Soufflé
65.2%
Shortbread cookie
61.2%

You're not logged in!

Compare scores with friends on all Sporcle quizzes.
OR
Log In

You Might Also Like...

Show Comments

Extras

Top Quizzes Today


Score Distribution

Your Account Isn't Verified!

In order to create a playlist on Sporcle, you need to verify the email address you used during registration. Go to your Sporcle Settings to finish the process.

Report this User

Report this user for behavior that violates our Community Guidelines.

Details: